Property securitisation (Record no. 60553)

MARC details
000 -LEADER
fixed length control field 00994cam a2200205 4500
001 - CONTROL NUMBER
control field WB3543-17
008 - FIXED-LENGTH DATA ELEMENTS--GENERAL INFORMATION
fixed length control field 000000n1999 000 0 eng u
035 ## - SYSTEM CONTROL NUMBER
System control number (Sirsi) u101410
245 ## - TITLE STATEMENT
Title Property securitisation
260 ## - PUBLICATION, DISTRIBUTION, ETC.
Date of publication, distribution, etc. 1999
490 ## - SERIES STATEMENT
Series statement Estates Gazette
Volume/sequential designation (9943) 30 October 1999, 51(1)
520 ## - SUMMARY, ETC.
Summary, etc. Property securitisation may be set to take off in Europe. Financiers believe property owners in all business sectors are poised to follow British Land which underpinned a £1.54bn bond issue with rents from the Broadgate complex. This raises money and gets properties off balance sheet without losing control of them. However conduit packages, which are big in the US have not taken off. Includes table of major UK real estate securitisations.
590 ## - LOCAL NOTE (RLIN)
Local note WB
650 ## - SUBJECT ADDED ENTRY--TOPICAL TERM
Topical term or geographic name entry element PROPERTY SECURITISATION
650 ## - SUBJECT ADDED ENTRY--TOPICAL TERM
Topical term or geographic name entry element SECURITISATION
650 ## - SUBJECT ADDED ENTRY--TOPICAL TERM
Topical term or geographic name entry element REAL ESTATE SECURITISATION
650 ## - SUBJECT ADDED ENTRY--TOPICAL TERM
Topical term or geographic name entry element MORTGAGE SECURITISATION
690 ## - LOCAL SUBJECT ADDED ENTRY--TOPICAL TERM (OCLC, RLIN)
Topical term or geographic name as entry element PROPERTY-PROPERTY FINANCE AND INVESTMENT
942 ## - ADDED ENTRY ELEMENTS (KOHA)
Suppress in OPAC 0
Holdings
Withdrawn status Lost status Source of classification or shelving scheme Damaged status Not for loan Home library Current library Shelving location Date acquired Total Checkouts Full call number Barcode Date last seen Copy number Price effective from Koha item type
    Dewey Decimal Classification     London London News article 04/11/1999   WB3543-17 101410-1001 06/08/2019 1 06/08/2019 News article